| 000 | 00654nam a2200205 a 4500 | ||
|---|---|---|---|
| 001 | 20330 | ||
| 003 | CO-ViMGA | ||
| 008 | 141112s2004 ck r 000 u spa d | ||
| 040 |
_aCO-ViMGA _bspa _cCO-ViMGA |
||
| 082 | 0 | 4 | _a323.43 D333d |
| 100 | 1 |
_aDefensoría del pueblo, _922414 |
|
| 245 | 1 | 0 | _aDerecho a la Vida |
| 260 |
_aBogotá : _bdefensoría del pueblo, _c2000 |
||
| 300 | _a95p | ||
| 590 | _aForma de adquisición : Donación Banco de la República - - Precio : 10000 - - Fecha de adquisición : Febrero 2005 | ||
| 650 | 1 | 4 |
_aDERECHO A LA VIDA _929357 |
| 650 | 1 | 4 |
_aDERECHOS HUMANOS _955 |
| 650 | 1 | 4 |
_aDERECHOS PERSONALES _97745 |
| 942 |
_2ddc _cBK |
||
| 999 |
_c29339 _d29339 |
||